00270nam a2200121Ia 4500003000400000005001700004008004100021020000800062040002000070100001500090245002500105260001800130OSt20240311110943.0170524s9999 xx 000 0 und d aNIL cIIMT UNIVERSITY aGUPTA- P K 0aANUPARUKAT GANIT - 1 bM. NGR: ASIAN